[Event "28th WSCC2018 - Open 50+"]
[Site "Bled"]
[Date "2018.11.29"]
[Round "11.36"]
[White "Hoffmann, Michael"]
[Black "Galvan Sarmiento, Jose Luis"]
[Result "1/2-1/2"]
[WhiteElo "1970"]
[BlackElo "1868"]
[PlyCount "129"]
[EventDate "2018.11.18"]

1. Nf3 Nf6 2. d4 e6 3. c4 Bb4+ 4. Bd2 Qe7 5. a3 Bxd2+ 6. Qxd2 Ne4 7. Qc2 f5 8.
g3 b6 9. Bg2 Bb7 10. O-O d6 11. Nfd2 d5 12. f3 Nf6 13. e4 fxe4 14. fxe4 O-O 15.
Nc3 c5 16. e5 Ng4 17. Rxf8+ Qxf8 18. Rf1 Qe7 19. Qd3 dxc4 20. Nxc4 Bxg2 21.
Kxg2 Qb7+ 22. Kh3 Nh6 23. Nd6 Qd7 24. dxc5 Nc6 25. cxb6 axb6 26. Nce4 Nxe5 27.
Qe3 Nf5 28. Qxb6 Nxd6 29. Qxd6 Qxd6 30. Nxd6 Nd3 31. Nc4 Rc8 32. Rf3 Nc1 33.
Ne5 Ne2 34. Kg4 Nd4 35. Rd3 Nf5 36. b4 g6 37. a4 Kg7 38. a5 Kf6 39. Kf4 Ne7 40.
b5 Nd5+ 41. Rxd5 exd5 42. b6 g5+ 43. Ke3 Kxe5 44. b7 Rc3+ 45. Kd2 Rb3 46. a6
Kd6 47. a7 Rxb7 48. a8=Q Rb2+ 49. Ke1 Rxh2 50. Qa4 Ke5 51. Qb3 Ke4 52. Qb1+ Ke5
53. Qd3 h6 54. Qe3+ Kd6 55. g4 Rh4 56. Qf3 Kc5 57. Kd2 Rh2+ 58. Kd3 Ra2 59.
Qe3+ Kd6 60. Qb6+ Ke5 61. Qc7+ Ke6 62. Qc6+ Ke5 63. Qc7+ Ke6 64. Qc6+ Ke5 65.
Qc7+ 1/2-1/2

[Event "28th WSCC2018 - Open 50+"]
[Site "Bled"]
[Date "2018.11.29"]
[Round "11.38"]
[White "Phillips, Owen S"]
[Black "Peter, Steven"]
[Result "1/2-1/2"]
[WhiteElo "1894"]
[BlackElo "2040"]
[PlyCount "46"]
[EventDate "2018.11.18"]

1. e4 c5 2. b3 g6 3. Bb2 Nf6 4. g3 Bg7 5. Bg2 d6 6. Qe2 Nc6 7. Nf3 e5 8. c3 O-O
9. O-O Re8 10. Na3 a6 11. Nc2 b5 12. d3 Qb6 13. h3 a5 14. Bc1 Ba6 15. Kh2 d5
16. Bg5 dxe4 17. dxe4 b4 18. c4 Nd4 19. Ncxd4 exd4 20. Bxf6 Bxf6 21. Qd3 Bb7
22. Rae1 a4 23. Nd2 Bg7 1/2-1/2

[Event "28th WSCC2018 - Open 50+"]
[Site "Bled"]
[Date "2018.11.29"]
[Round "11.39"]
[White "Bouton, Christophe"]
[Black "Shashidhar, B Rai"]
[Result "1-0"]
[WhiteElo "1963"]
[BlackElo "1332"]
[PlyCount "25"]
[EventDate "2018.11.18"]

1. e4 c5 2. Nf3 d6 3. d4 cxd4 4. Nxd4 Nf6 5. Nc3 a6 6. Be2 e5 7. Nb3 Qc7 8. O-O
h6 9. Be3 Be6 10. Nd5 Nxd5 11. exd5 Bf5 12. c4 Nd7 13. Rc1 {(26)} 1-0

[Event "28th WSCC2018 - Open 50+"]
[Site "Bled"]
[Date "2018.11.29"]
[Round "11.40"]
[White "Neubauer, Anton"]
[Black "Vieira, Alexandre Letizio"]
[Result "1/2-1/2"]
[WhiteElo "1913"]
[BlackElo "1810"]
[PlyCount "34"]
[EventDate "2018.11.18"]

1. e4 d6 2. d4 Nf6 3. Bd3 g6 4. Nf3 Bg7 5. O-O O-O 6. Re1 Nbd7 7. c3 e5 8. h3
c6 9. Be3 h6 10. Nbd2 Re8 11. Qc2 Qc7 12. Rac1 Nh5 13. d5 c5 14. b4 Nf4 15. Bf1
b6 16. a4 Nf8 17. a5 f5 {(47)} 1/2-1/2

[Event "28th WSCC2018 - Open 50+"]
[Site "Bled"]
[Date "2018.11.29"]
[Round "11.41"]
[White "Buciu, Aurel-John"]
[Black "Theuer, Carsten"]
[Result "1-0"]
[WhiteElo "1687"]
[BlackElo "1989"]
[PlyCount "69"]
[EventDate "2018.11.18"]

1. d4 Nf6 2. Bf4 d6 3. Nf3 g6 4. Nbd2 Bg7 5. e3 O-O 6. h3 Nbd7 7. c3 b6 8. Be2
Bb7 9. O-O Nd5 10. Bg3 e6 11. e4 Ne7 12. Bd3 Rc8 13. a4 d5 14. e5 c5 15. Re1
Nc6 16. Nf1 cxd4 17. cxd4 Nb4 18. Qd2 a5 19. Bf4 Nb8 20. Rac1 Nxd3 21. Qxd3 Ba6
22. Qd2 Qd7 23. Bh6 Qxa4 24. Rxc8 Rxc8 25. Qf4 Nd7 26. Ne3 Qb4 27. Qh4 Qf8 28.
Ng4 Bd3 29. Ng5 Bf5 30. Bxg7 Qxg7 31. Nh6+ Kf8 32. Nhxf7 h5 33. g4 hxg4 34.
hxg4 Be4 35. Nxe6+ 1-0

[Event "28th WSCC2018 - Open 50+"]
[Site "Bled"]
[Date "2018.11.29"]
[Round "11.42"]
[White "Ring, Rudolf"]
[Black "Davis, Lee"]
[Result "0-1"]
[WhiteElo "1745"]
[BlackElo "1948"]
[PlyCount "38"]
[EventDate "2018.11.18"]

1. e4 c5 2. Nf3 e6 3. Nc3 a6 4. a4 Qc7 5. d3 Nc6 6. h3 Nf6 7. Bg5 Be7 8. Be2 d6
9. Qd2 O-O 10. O-O b6 11. Nh2 Nd4 12. Bd1 Bb7 13. Ng4 Nxg4 14. Bxe7 Qxe7 15.
Bxg4 b5 16. Ne2 f5 17. Nxd4 fxg4 18. hxg4 cxd4 19. f3 Bc6 0-1

[Event "28th WSCC2018 - Open 50+"]
[Site "Bled"]
[Date "2018.11.29"]
[Round "11.43"]
[White "Schneider, Waldemar"]
[Black "Zimmermann, Curt"]
[Result "0-1"]
[WhiteElo "1738"]
[BlackElo "1943"]
[PlyCount "92"]
[EventDate "2018.11.18"]

1. d4 d5 2. c4 c6 3. e3 Nf6 4. Nc3 e6 5. Nf3 Nbd7 6. Bd2 Bd6 7. Be2 b6 8. a3 e5
9. cxd5 cxd5 10. Nb5 Bb8 11. Bb4 e4 12. Nd2 Nf8 13. Rc1 Ne6 14. O-O a6 15. Qc2
axb5 16. Qc6+ Bd7 17. Qc3 Qc7 18. g3 Qxc3 19. Rxc3 Bc7 20. Rfc1 Bd8 21. f4 Be7
22. Rb3 Bxb4 23. Rxb4 O-O 24. Bxb5 Rfc8 25. Rxc8+ Rxc8 26. h3 Rc2 27. Nf1 Kf8
28. g4 Nc7 29. Bxd7 Nxd7 30. a4 Ke7 31. Ng3 g6 32. h4 Kd6 33. h5 Kc6 34. hxg6
hxg6 35. g5 Rc1+ 36. Kf2 Ra1 37. Ne2 Na6 38. Rb3 Rxa4 39. Ra3 Rxa3 40. bxa3 b5
41. Nc3 Nb6 42. Nb1 Nc4 43. Ke2 Nc7 44. Kf2 Ne8 45. Ke2 Ned6 46. Kf2 Nf5 0-1

[Event "28th WSCC2018 - Open 50+"]
[Site "Bled"]
[Date "2018.11.29"]
[Round "11.46"]
[White "Serafim Junior, Arnor"]
[Black "Muniraju, Narayanappa"]
[Result "1-0"]
[WhiteElo "1845"]
[BlackElo "1259"]
[PlyCount "107"]
[EventDate "2018.11.18"]

1. c4 e5 2. Nc3 Bb4 3. Nd5 Bf8 4. g3 c6 5. Nc3 Nf6 6. d4 exd4 7. Qxd4 Be7 8.
Bg2 O-O 9. Nf3 Re8 10. O-O d6 11. Rd1 Nbd7 12. Bf4 Nb6 13. e4 Nh5 14. Be3 Qc7
15. Rac1 Be6 16. b3 Rad8 17. Nd5 Bxd5 18. cxd5 c5 19. Qd3 Nc8 20. b4 b6 21. Nd4
Rf8 22. Nf5 Nf6 23. Qe2 Rfe8 24. Bd4 Qd7 25. Bc3 Kf8 26. Qb2 Kg8 27. Bh3 Kf8
28. f3 g6 29. Nxe7 Qxh3 30. Bxf6 Nxe7 31. Bg7+ Kg8 32. Bh8 Qh6 33. Bf6 Qe3+ 34.
Qf2 Qxf2+ 35. Kxf2 Rd7 36. bxc5 dxc5 37. Rc4 Rc8 38. a4 a6 39. Rb1 Rb7 40. Bxe7
Rxe7 41. Rxb6 Ra7 42. Rc6 Rb8 43. R6xc5 Rb2+ 44. Rc2 Rb4 45. d6 Rxa4 46. Rc7
Ra8 47. Rc8+ Rxc8 48. Rxc8+ Kg7 49. d7 Ra2+ 50. Ke3 Ra3+ 51. Kf4 f6 52. d8=Q
g5+ 53. Kg4 h5+ 54. Kxh5 1-0

[Event "28th WSCC2018 - Open 50+"]
[Site "Bled"]
[Date "2018.11.29"]
[Round "11.49"]
[White "Warstad, Leif E"]
[Black "De Winter, Gerard"]
[Result "1/2-1/2"]
[WhiteElo "1544"]
[BlackElo "1663"]
[PlyCount "55"]
[EventDate "2018.11.18"]

1. d4 d5 2. Nf3 Nf6 3. Bf4 e6 4. c4 c6 5. Nc3 Be7 6. e3 O-O 7. Bd3 dxc4 8. Bxc4
b5 9. Be2 Bb7 10. O-O Nbd7 11. Rc1 a6 12. a3 Qb6 13. e4 Rfd8 14. b4 a5 15. Qb3
axb4 16. axb4 h6 17. h3 Rdc8 18. Rfd1 Ra6 19. Be3 Qd8 20. d5 exd5 21. exd5 Nxd5
22. Nxd5 cxd5 23. Rxc8 Qxc8 24. Bxb5 Ra8 25. Rc1 Qd8 26. Nd4 Nf6 27. Nc6 Bxc6
28. Bxc6 1/2-1/2